Every 1000 Yard WR Of The 2010s - Statistics

General Stats
  • This quiz has been taken 97 times
  • The average score is 166 of 219
Answer Stats
Yards Team Answer % Correct
1216 Houston Andre Johnson
100%
1598 Houston Andre Johnson
100%
1407 Houston Andre Johnson
100%
1120 Detroit Calvin Johnson
100%
1681 Detroit Calvin Johnson
100%
1964 Detroit Calvin Johnson
100%
1492 Detroit Calvin Johnson
100%
1077 Detorit Calvin Johnson
100%
1214 Detroit Calvin Johnson
100%
1198 Atlanta Julio Jones
100%
1593 Atlanta Julio Jones
100%
1871 Atlanta Julio Jones
100%
1409 Atlanta Julio Jones
100%
1444 Atlanta Julio Jones
100%
1677 Atlanta Julio Jones
100%
1394 Atlanta Julio Jones
100%
1101 Detroit Marvin Jones
100%
1073 Buffalo Steve Johnson
100%
1006 Buffalo Steve Johnson
100%
1046 Buffalo Steve Johnson
100%
1434 Denver Demaryius Thomas
99%
1430 Denver Demaryius Thomas
99%
1619 Denver Demaryius Thomas
99%
1304 Denver Demaryius Thomas
99%
1083 Denver Demaryius Thomas
99%
1046 San Diego Keenan Allen
99%
1393 Los Angeles (Chargers) Keenan Allen
99%
1196 Los Angeles (Chargers) Keenan Allen
99%
1199 Los Angeles (Chargers) Keenan Allen
99%
1137 New Orleans Michael Thomas
99%
1245 New Orleans Michael Thomas
99%
1405 New Orleans Michael Thomas
99%
1725 New Orleans Michael Thomas
99%
1051 Tampa Bay Mike Evans
99%
1206 Tampa Bay Mike Evans
99%
1321 Tampa Bay Mike Evans
99%
1001 Tampa Bay Mike Evans
99%
1524 Tampa Bay Mike Evans
99%
1157 Tampa Bay Mike Evans
99%
1183 Kansas City Tyreek Hill
99%
1479 Kansas City Tyreek Hill
99%
1051 Tennessee AJ Brown
97%
1108 Pittsburgh Antonio Brown
97%
1499 Pittsburgh Antonio Brown
97%
1698 Pittsburgh Antonio Brown
97%
1834 Pittsburgh Antonio Brown
97%
1284 Pittsburgh Antonio Brown
97%
1533 Pittsburgh Antonio Brown
97%
1297 Pittsburgh Antonio Brown
97%
1125 *Kansas City Travis Kelce
97%
1038 *Kansas City Travis Kelce
97%
1336 *Kansas City Travis Kelce
97%
1229 *Kansas City Travis Kelce
97%
1210 Houston DeAndre Hopkins
96%
1521 Houston DeAndre Hopkins
96%
1378 Houston DeAndre Hopkins
96%
1572 Houston DeAndre Hopkins
96%
1165 Houston DeAndre Hopkins
96%
1003 Arizona John Brown
96%
1060 Buffalo John Brown
96%
1305 New York (Giants) Odell Beckham
96%
1450 New York (Giants) Odell Beckham
96%
1367 New York (Giants) Odell Beckham
96%
1052 New York (Giants) Odell Beckham
96%
1035 Cleveland Odell Beckham
96%
1276 Minnesota Adam Thielen
94%
1373 Minnesota Adam Thielen
94%
1387 Green Bay Davante Adams
94%
1161 Los Angeles (Rams) Cooper Kupp
93%
1327 *New England Rob Gronkowski
93%
1124 *New England Rob Gronkowski
93%
1176 *New England Rob Gronkowski
93%
1084 *New England Rob Gronkowski
93%
1070 Oakland Amari Cooper
92%
1153 Oakland Amari Cooper
92%
1005 Oakland/Dallas Amari Cooper
92%
1189 Dallas Amari Cooper
92%
1333 Tampa Bay Chris Godwin
92%
1426 Pittsburgh Juju Smith-Schuster
92%
1377 *San Fransisco George Kittle
90%
1053 *San Fransisco George Kittle
90%
1056 New England Julian Edelman
90%
1106 New England Julian Edelman
90%
1117 New England Julian Edelman
90%
1394 Carolina Steve Smith
90%
1174 Carolina Steve Smith
90%
1065 Baltimore Steve Smith
90%
1128 Baltimore Torrey Smith
90%
1057 Cincinnati AJ Green
89%
1350 Cincinnati AJ Green
89%
1426 Cincinnati AJ Green
89%
1041 Cincinnati AJ Green
89%
1297 Cincinnati AJ Green
89%
1078 Cincinnati AJ Green
89%
1137 Arizona Larry Fitzgerald
88%
1411 Arizona Larry Fitzgerald
88%
1214 Arizona Larry Fitzgerald
88%
1023 Arizona Larry Fitzgerald
88%
1156 Arizona Larry Fitzgerald
88%
1001 Los Angeles (Chargers) Mike Williams
86%
1059 San Diego Tyrell Williams
86%
1021 Minnesota Stefon Diggs
83%
1130 Minnesota Stefon Diggs
83%
1057 Seattle Tyler Lockett
83%
1083 Indianapolis TY Hilton
82%
1345 Indianapolis TY Hilton
82%
1124 Indianapolis TY Hilton
82%
1448 Indianapolis TY Hilton
82%
1270 Indianapolis TY Hilton
82%
1056 Philadelphia DeSean Jackson
81%
1332 Philadelphia DeSean Jackson
81%
1169 Washington DeSean Jackson
81%
1005 Washington DeSean Jackson
81%
1175 Carolina DJ Moore
81%
1041 New Orleans Lance Moore
81%
1106 San Diego Vincent Jackson
81%
1384 Tampa Bay Vincent Jackson
81%
1224 Tampa Bay Vincent Jackson
81%
1002 Tampa Bay Vincent Jackson
81%
1014 Miami Brandon Marshall
79%
1214 Miami Brandon Marshall
79%
1508 Chicago Brandon Marshall
79%
1295 Chicago Brandon Marshall
79%
1502 New York (Jets) Brandon Marshall
79%
1382 Dallas Dez Bryant
79%
1233 Dallas Dez Bryant
79%
1320 Dallas Dez Bryant
79%
1263 Green Bay Jordy Nelson
79%
1314 Green Bay Jordy Nelson
79%
1519 Green Bay Jordy Nelson
79%
1257 Green Bay Jordy Nelson
79%
1400 Jacksonville Allen Robinson
78%
1147 Chicago Allen Robinson
78%
1157 Miami Jarvis Landry
78%
1136 Miami Jarvis Landry
78%
1174 Cleveland Jarvis Landry
78%
1310 *New Orleans Jimmy Graham
75%
1215 *New Orleans Jimmy Graham
75%
1138 New Orleans Brandin Cooks
74%
1173 New Orleans Brandin Cooks
74%
1082 New England Brandin Cooks
74%
1204 Los Angeles (Rams) Brandin Cooks
74%
1115 Washington Santana Moss
74%
1404 Denver Emmanuel Sanders
71%
1135 Denver Emmanuel Sanders
71%
1032 Denver Emmanuel Sanders
71%
1008 *Carolina Greg Olsen
71%
1104 *Carolina Greg Olsen
71%
1073 *Carolina Greg Olsen
71%
1002 *Dallas Jason Witten
69%
1039 *Dallas Jason Witten
69%
1028 Cincinnati Tyler Boyd
69%
1046 Cincinnati Tyler Boyd
69%
1569 New England Wes Welker
69%
1354 New England Wes Welker
69%
1069 Seattle Doug Baldwin
68%
1128 Seattle Doug Baldwin
68%
1646 Cleveland Josh Gordon
68%
1389 Atlanta Roddy White
68%
1262 Atlanta Roddy White
68%
1351 Atlanta Roddy White
68%
1005 +Carolina Christian McCaffrey
67%
1355 Indianapolis Reggie Wayne
65%
1355 Indianapolis Reggie Wayne
65%
1145 *Oakland Darren Waller
64%
1219 Los Angeles (Rams) Robert Woods
64%
1134 Los Angeles (Rams) Robert Woods
64%
1536 New York (Giants) Victor Cruz
64%
1092 New York (Giants) Victor Cruz
64%
1112 Denver Courtland Sutton
63%
1163 *Philadelphia Zach Ertz
60%
1163 Detroit Kenny Golladay
57%
1190 Detroit Kenny Golladay
57%
1202 Miami DeVante Parker
54%
1421 Chicago Alshon Jeffery
53%
1133 Chicago Alshon Jeffery
53%
1331 Detroit Golden Tate
53%
1077 Detroit Golden Tate
53%
1003 Detroit Golden Tate
53%
1287 Green Bay Randall Cobb
53%
1105 San Fransisco Michael Crabtree
50%
1003 Oakland Michael Crabtree
50%
1265 Green Bay Greg Jennings
47%
1023 New Orleans Marques Colston
47%
1143 New Orleans Marques Colston
47%
1154 New Orleans Marques Colston
47%
1107 Dallas Michael Gallup
44%
1179 San Fransisco Anquan Boldin
42%
1062 San Fransisco Anquan Boldin
42%
1008 Jacksonville DJ Chark
42%
1064 Denver Eric Decker
42%
1288 Denver Eric Decker
42%
1027 New York (Jets) Eric Decker
42%
1346 Washington Pierre Garcon
42%
1041 Washington Pierre Garcon
42%
1088 *Tennessee Delanie Walker
40%
1448 Denver Brandon Lloyd
38%
1162 Kansas City Dwayne Bowe
36%
1159 Kansas City Dwayne Bowe
36%
1008 Carolina Kelvin Benjamin
33%
1047 Buffalo Sammy Watkins
33%
1031 Jacksonville Allen Hurns
32%
1257 Pittsburgh Mike Wallace
31%
1193 Pittsburgh Mike Wallace
31%
1017 Baltimore Mike Wallace
31%
1041 Dallas Miles Austin
31%
1088 Kansas City Jeremy Maclin
28%
1318 Philadelphia Jermey Maclin
28%
1002 Los Angeles (Rams) Kenny Britt
22%
1041 Arizona Michael Floyd
22%
1043 *Cleveland Gary Barnidge
18%
1052 New York (Giants) Hakeem Nicks
18%
1192 New York (Giants) Hakeem Nicks
18%
1083 Miami Brian Hartline
15%
1016 Miami Brian Hartline
15%
1007 Cleveland Terrelle Pryor
15%
1079 Tennessee Kendall Wright
10%
1023 Tennessee Nate Washington
8%
1067 Atlanta Harry Douglas
7%
No matching quizzes found
Score Distribution
Percent of People with Each Score
Percentile by Number Answered
Your Score History
You have not taken this quiz